Les 135 Pokémon de la Troisième Génération - Statistiques

Statistiques générales
  • Ce quiz a été pris 191 fois
  • Le résultat moyen est 98 sur 135
Statistiques - réponses
# Nom % Correct
252 Arcko
98%
258 Gobou
98%
254 Jungko
97%
260 Laggron
97%
255 Poussifeu
97%
257 Braségali
95%
259 Flobio
95%
253 Massko
95%
265 Chenipotte
93%
256 Galifeu
93%
383 Groudon
92%
382 Kyogre
92%
384 Rayquaza
92%
267 Charmillon
90%
309 Dynavolt
90%
310 Elecsprint
90%
266 Armulys
88%
268 Blindalys
88%
371 Draby
88%
269 Papinox
88%
324 Chartor
86%
386 Deoxys
86%
373 Drattak
86%
262 Grahyèna
86%
261 Medhyèna
86%
378 Regice
86%
377 Regirock
86%
379 Registeel
86%
263 Zigzaton
86%
282 Gardevoir
85%
277 Hélédelle
85%
281 Kirlia
85%
264 Linéon
85%
276 Nirondelle
85%
280 Tarsal
85%
275 Tengalice
85%
323 Camérupt
83%
385 Jirachi
83%
380 Latias
83%
381 Latios
83%
271 Lombre
83%
272 Ludicolo
83%
376 Métalosse
83%
375 Métang
83%
270 Nénupiot
83%
274 Pifeuil
83%
374 Terhal
83%
273 Grainipiot
81%
312 Négapi
81%
311 Posipi
81%
296 Makuhita
80%
322 Chamallot
78%
334 Altaria
76%
279 Bekipan
76%
305 Galegon
76%
304 Galekid
76%
306 Galeking
76%
297 Hariyama
76%
328 Kraknoix
75%
330 Libégon
75%
350 Milobellus
75%
338 Solaroc
75%
333 Tylton
75%
349 Barpau
73%
278 Goélise
73%
337 Séléroc
73%
308 Charmina
71%
335 Mangriff
71%
289 Monaflèmit
71%
292 Munja
71%
287 Parecool
71%
336 Séviper
71%
319 Sharpedo
71%
356 Téraclope
71%
354 Branette
69%
318 Carvanha
69%
345 Lilia
69%
291 Ninjask
69%
329 Vibraninf
69%
288 Vigoroth
69%
359 Absol
68%
348 Armaldo
68%
365 Kaimorse
68%
344 Kaorine
68%
307 Méditikka
68%
363 Obalie
68%
369 Relicanth
68%
320 Wailmer
68%
321 Wailord
68%
366 Coquiperl
66%
357 Tropius
66%
346 Vacilys
66%
343 Balbuto
64%
295 Brouhabam
64%
293 Chuchmur
64%
372 Drackhaus
64%
362 Oniglali
64%
302 Ténéfix
64%
347 Anorith
63%
351 Morphéo
61%
290 Ningale
61%
353 Polichombr
61%
368 Rosabyss
61%
327 Spinda
61%
361 Stalgamin
61%
299 Tarinor
61%
331 Cacnea
59%
332 Cacturne
59%
364 Phogleur
59%
294 Ramboum
59%
367 Serpang
59%
283 Arakdo
58%
301 Delcatty
58%
370 Lovdisc
58%
300 Skitty
58%
342 Colhomard
56%
341 Ecrapince
56%
352 Kecleon
56%
284 Maskadra
56%
303 Mysdibule
54%
315 Rosélia
54%
285 Balignon
53%
325 Spoink
53%
340 Barbicha
51%
286 Chapignon
51%
317 Avaltout
49%
326 Groret
49%
298 Azurill
47%
339 Barloche
47%
316 Gloupti
47%
314 Lumivole
46%
313 Muciole
44%
358 Eoko
42%
360 Okéoké
39%
355 Skélénox
39%
Aucun quiz correspondant
Distribution des résultats
% des personnes avec chaque résultat
Percentile par nombre de réponses
Votre historique - résultats
Vous n’avez pas pris ce quiz